Field of light and shadow : selected and new poems /

A gorgeous selection of the humane and moving poetry of David Young, a celebrated poet of the Midwestern landscape and the people who live in it with an expanded section featuring sixteen new poems exclusive to the paperback edition. A newly expanded career-spanning volume from one of our most valua...

Full description

Bibliographic Details
Main Author: Young, David, 1936- (Author)
Format: Book
Language:English
Published: New York : Alfred A. Knopf, [2023].
Edition:Expanded edition.

MARC

Tag First Indicator Second Indicator Subfields
LEADER 00000cam a2200000 i 4500
001 in00004664708
003 OCoLC
005 20230501185404.5
008 220516t20232023nyu 000 0 eng
010 |a  2022011629 
040 |a DLC  |e rda  |c DLC 
019 |a 1317802407 
020 |a 9781524712334  |q (trade paperback) 
020 |a 1524712337 
020 |z 9780307599612  |q (ebook) 
035 |a (OCoLC)1317750468 
050 0 0 |a PS3575.O78  |b F54 2023 
082 0 0 |a 811/.54  |2 23/eng/20220516 
100 1 |a Young, David,  |d 1936-  |e author. 
245 1 0 |a Field of light and shadow :  |b selected and new poems /  |c David Young. 
250 |a Expanded edition. 
264 1 |a New York :  |b Alfred A. Knopf,  |c [2023]. 
264 4 |c ©2023. 
300 |a xi, 309 pages ;  |c 22 cm. 
336 |a text  |b txt  |2 rdacontent 
337 |a unmediated  |b n  |2 rdamedia 
338 |a volume  |b nc  |2 rdacarrier 
520 |a A gorgeous selection of the humane and moving poetry of David Young, a celebrated poet of the Midwestern landscape and the people who live in it with an expanded section featuring sixteen new poems exclusive to the paperback edition. A newly expanded career-spanning volume from one of our most valuable living American poets, offering poems that display an exquisite ear tuned to the natural world, to love and friendship and to the continually renewable possibilities of language and new poems that reflect a continued artistic interest in these subjects. 
945 |b 671135 
947 |a A14851389107 
948 |a dmitchel 5/1/23 1.50.30 
980 |b print  |c 40031701989  |f LIT/B  |g 565714  |k USD  |m 20.25  |q 1  |s AcqMono Conventional  |t Approval plan  |u Vendor order reference number  |v ZYBP  |y Print approval  |z Physical resource 
999 f f |i 8278123f-0cda-4e4e-82b1-f4bd02252c6e  |s 93c6e238-9741-49be-80e0-bdf65a5729a9  |t 0 
952 f f |p normal  |a Texas A&M University  |b College Station  |c Sterling C. Evans Library  |s Evans stk  |d Evans: Library Stacks  |t 0  |e PS3575.O78 F54 2023  |h Library of Congress classification  |i unmediated -- volume  |m A14851389107